000 00570nam a2200205 a 4500
001 9303
003 CO-ViMGA
008 141112s2004 ck r 000 u spa d
040 _aCO-ViMGA
_bspa
_cCO-ViMGA
082 0 4 _a770.233 K47
100 1 _aKiegeland ; Burkhardt,
_910035
245 1 0 _aFotografiar :
_bmanual para fotografos aficionados.
260 _aBarcelona :
_bCĂ­rculo de lectores,
_c1982
300 _a239p. : il.
650 1 4 _aCAMARAS
_910036
650 1 4 _aFILTROS
_910037
650 1 4 _aFOTOGRAFIA
_910038
650 1 4 _aFOTOGRAFOS
_910039
942 _2ddc
_cBK
999 _c20836
_d20836